House of flame and shadow / (Record no. 13842)

000 -LEADER
fixed length control field 01466cam a2200181 i 4500
020 ## - ISBN
ISBN 9781526650344
082 ## - DEWEY DECIMAL CLASSIFICATION NUMBER
Classification number Fic M112 2024
100 1# - MAIN ENTRY--PERSONAL NAME
Personal name Maas, Sarah J.
245 10 - TITLE STATEMENT
Title House of flame and shadow /
Statement of responsibility, etc. by Sarah J. Maas.
260 ## - PUBLICATION, DISTRIBUTION, ETC. (IMPRINT)
Place of publication, distribution, etc. New York :
Name of publisher, distributor, etc. Bloomsbury Publishing,
Date of publication, distribution, etc. c2024.
300 ## - PHYSICAL DESCRIPTION
Extent/Page number 835 p.
490 ## - SERIES STATEMENT
Series statement Crescent City
Volume/sequential designation 2
520 ## - SUMMARY, ETC.
Summary, etc. "Bryce Quinlan never expected to see a world other than Midgard, but now that she has, all she wants is to get back. Everything she loves is in Midgard: her family, her friends, her mate. Stranded in a strange new world, she's going to need all her wits about her to get home again. And that's no easy feat when she has no idea who to trust. Hunt Athalar has found himself in some deep holes in his life, but this one might be the deepest of all. After a few brief months with everything he ever wanted, he's in the Asteri's dungeons again, stripped of his freedom and without a clue as to Bryce's fate. He's desperate to help her, but until he can escape the Asteri's leash, his hands are quite literally tied. In this sexy, breathtaking sequel to the #1 bestsellers House of Earth and Blood and House of Sky and Breath, Sarah J. Maas's Crescent City series reaches new heights as Bryce and Hunt's world is brought to the brink of collapse-with its future resting on their shoulders"--
Assigning source Provided by publisher.
526 ## - STUDY PROGRAM INFORMATION NOTE
PROGRAM TYPE FICTION
650 ## - SUBJECT ADDED ENTRY--TOPICAL TERM
Topical term or geographic name as entry element Fantasy fiction.
650 ## - SUBJECT ADDED ENTRY--TOPICAL TERM
Topical term or geographic name as entry element Romance fiction.
942 ## - ADDED ENTRY ELEMENTS
Classification
Item type Book
Holdings
Withdrawn status Lost status Source of classification or shelving scheme Damaged status Not for loan Collection code Permanent Location Current Location Shelving location Date acquired Source of acquisition Cost, normal purchase price Inventory number Full call number Barcode Date last seen Copy number Cost, replacement price Price effective from Item type
          Fiction High School Library High School Library Fiction 2025-10-15 Library Budget 599.00 8261 Fic M112 2024 HS8261 2026-02-04 1 1398.00 2025-10-15 Book